| 000 | 00644nam a22002057a 4500 | ||
|---|---|---|---|
| 005 | 20240312172314.0 | ||
| 010 | _aENG-139285 | ||
| 020 |
_a9789355321404 _c865.00 |
||
| 035 | _aEN-122817 | ||
| 037 | _bDBAD/PUB | ||
| 082 | _a330.154 | ||
| 100 |
_aSingania , Nitin _963189 |
||
| 245 |
_aIndian Economy/ _cBy Nitin Singhania |
||
| 250 | _a3 | ||
| 260 |
_aChennai _bMcGraw Hill Education Pvt.Ltd _c2022 |
||
| 270 |
_aAnjana complexno5/90A,Butt Road ,St.Thomas mount _bChennai _e600016 |
||
| 300 |
_a678p. _c24cm(hbk) |
||
| 500 | _aFor civil services and other competitive Examinations | ||
| 942 |
_2ddc _cEN _h330.154 _mSIN |
||
| 999 |
_c200807 _d200807 |
||